যুক্তবঙ্গের স্মৃতি / (Record no. 104616)
[ view plain ]
| 000 -LEADER | |
|---|---|
| fixed length control field | 00672nam a22001817a 4500 |
| 003 - CONTROL NUMBER IDENTIFIER | |
| control field | BD-DhUL |
| 005 - DATE AND TIME OF LATEST TRANSACTION | |
| control field | 20160907143233.0 |
| 008 - FIXED-LENGTH DATA ELEMENTS--GENERAL INFORMATION | |
| fixed length control field | 160907s1990 ii ||||| |||| 000 0 ben d |
| 040 ## - CATALOGING SOURCE | |
| Original cataloging agency | BD-DhUL |
| Transcribing agency | BD-DhUL |
| 082 ## - DEWEY DECIMAL CLASSIFICATION NUMBER | |
| Classification number | 954.1 |
| Item number | ANJ |
| 100 1# - MAIN ENTRY--PERSONAL NAME | |
| Personal name | রায়, অন্নদাশঙ্কর |
| 245 10 - TITLE STATEMENT | |
| Title | যুক্তবঙ্গের স্মৃতি / |
| Statement of responsibility, etc. | অন্নদাশঙ্কর রায় |
| 260 ## - PUBLICATION, DISTRIBUTION, ETC. (IMPRINT) | |
| Place of publication, distribution, etc. | কলিকাতা : |
| Name of publisher, distributor, etc. | মিত্র ও ঘোষ, |
| Date of publication, distribution, etc. | ১৯৯০. |
| 300 ## - PHYSICAL DESCRIPTION | |
| Extent | [৬], ১২৮ পৃ. ; |
| Dimensions | ২০ সেমি. |
| 650 #0 - SUBJECT ADDED ENTRY--TOPICAL TERM | |
| Topical term or geographic name as entry element | বঙ্গদেশ- ইতিহাস |
| 650 #0 - SUBJECT ADDED ENTRY--TOPICAL TERM | |
| Topical term or geographic name as entry element | Bangadesa- History |
| 942 ## - ADDED ENTRY ELEMENTS (KOHA) | |
| Source of classification or shelving scheme | |
| Koha item type | Books |
| Price effective from | Date last seen | Permanent Location | Not for loan | Date acquired | Source of classification or shelving scheme | Koha item type | Lost status | Withdrawn status | Copy number | Source of acquisition | Collection code | Damaged status | Shelving location | Barcode | Current Location | Full call number |
|---|---|---|---|---|---|---|---|---|---|---|---|---|---|---|---|---|
| 2016-09-07 | 2016-09-07 | Dhaka University Library | 2016-09-07 | Books | 1 | Purchased | Non Fiction | General Stacks | 334880 | Dhaka University Library | 954.1 ANJ | |||||
| 2016-09-07 | 2016-09-07 | Dhaka University Library | 2016-09-07 | Books | 2 | Purchased | Non Fiction | General Stacks | 334881 | Dhaka University Library | 954.1 ANJ | |||||
| 2016-09-07 | 2016-09-07 | Dhaka University Library | 2016-09-07 | Books | 3 | Purchased | Non Fiction | General Stacks | 334882 | Dhaka University Library | 954.1 ANJ | |||||
| 2016-09-07 | 2016-09-07 | Dhaka University Library | 2016-09-07 | Books | 4 | Purchased | Non Fiction | General Stacks | 429093 | Dhaka University Library | 954.1 ANJ |
